sanah - Pora roku zła - Statystyki

Ogólne statystyki
  • Ten quiz został rozwiązany 24 razy
  • Średni wynik to 98 z 140
Statystyki odpowiedzi
Odpowiedź % Poprawnych
deszcz
88%
pora
88%
Pora
88%
roku
88%
w
88%
zła
88%
A
82%
a
82%
Bardzo
82%
by
82%
dżinsy
82%
krótko
82%
moje
82%
mokre
82%
padał
82%
wciąż
82%
mi
76%
Minie
76%
minie
76%
o
76%
te
76%
boso
71%
chciał
71%
Chodź
71%
ciężko
71%
Daj
71%
dłoń
71%
ja
71%
już
71%
Kto
71%
letnią
71%
miał
71%
mnie
71%
Oni
71%
pannę
71%
Płatki
71%
przytulę
71%
śniegu
71%
swą
71%
taką
71%
taki
71%
tyś
71%
Tyś
71%
wyśpiewał
71%
Wyśpiewał
71%
Że
71%
życiu
71%
błąd
65%
był
65%
spadły
65%
szeptali
65%
to
65%
densy
59%
trwają
53%
tuż
53%
będzie
47%
lżej
47%
na
47%
Potem
47%
śpiewać
47%
ten
47%
Czas
41%
kurz
41%
mych
41%
nim
41%
Pożegnanie
41%
Przykryje
41%
rąk
41%
sen
41%
wierzch
41%
zimowy
41%
tańczmy
35%
Pliska
29%
Nie znaleziono quizów pasujących do podanych kryteriów
Rozkład punktacji
Procent ludzi z każdym wynikiem
Percentyl według liczby udzielonych odpowiedzi
Twoja historia wyników
Nie rozwiązałeś tego quizu